000 02233nam a2200457 c 4500
999 _c55505
_d55505
003 BLK
005 20220221115701.0
008 180408b bul|||||r ||||||| ||bul||
010 _aKNG00059473000
020 _a954-736-114-7
040 _aBLK
041 _aBUL
_cBUL
_hDEU
080 _aВътрешна политика. Вж и 329
_b323
_x(497.2:436)(091)
_z323(497.2:436)(091)
080 _b949.72.05/.06
_z949.72.05/.06
100 1 _aАгстнер, Рудолф
_eпърви автор
_929502
139 _aАгстнер, Рудолф
_bА 25
245 1 0 _aБългария - Австрия
_b125 г. дипломатически отношения и 160 г. представителства на Австрия (Австро-Унгария) в България
_cРудолф Агстнер; прев. Пенка Емилова Ангелова.
246 1 1 _aOsterreich-Bulgarien : 125 Jahre diplomatische Beziehungen und 160 Jahre osterreichsche (osterreichisch-ungarische) Vertretungsbehorden in Bulgarien
257 _aAUT
260 _bПИК
_c2004
_fВ. Търново : Абагар
300 _a200 с.
_bсъс сн., к., факс., 4 л. цв. ил.
_c24 см
380 _a3
500 _aИзс. на Посолството на Република Австрия в София. - Офс. изд. - Парал. текст и на нем. ез.
650 4 _aБългария и Австрия
_9286253
650 4 _aБългария - външна политика - история
_9250971
650 4 _aАвстрия - външна политика
_9286254
650 4 _aДипломация - България - история
_9246750
653 _aдипломатически отношения
653 _aвъншна политика
653 _aконсулства
653 _aБългария
653 _aАвстрия
653 _aАвстро-Унгария
653 _aистория
700 1 _aАнгелова, Пенка Емилова
_eпрев.
_9364138
852 _aЦб 227546
852 _aК 32/А 25
856 4 _qpdf
856 4 _qpdf
942 _cKNG
_n0
_s1
944 _aCR
_c22.05.2006
_kГеновева_Генчева
944 _aED
_c21.07.2016
_kГеновева_Генчева
999 _d55505